| 000 | 004690000a22001930004500 | ||
|---|---|---|---|
| 003 | LK-CoMWRAF | ||
| 005 | 20231029224524.0 | ||
| 008 | 230817t ||||| |||| 00| 0 eng d | ||
| 020 | _a817167755X | ||
| 040 |
_aLK-CoMWRAF _dLK-CoMWRAF _eLK-CoMWRAF |
||
| 041 | _aeng | ||
| 082 |
_a823 _bTAG |
||
| 100 | _aTagore, Rabindranath | ||
| 245 | _aGora | ||
| 260 |
_aNew Delhi (India) : _bRupa & company, _c2002 |
||
| 300 | _a569p | ||
| 650 | _aEnglish Fiction | ||
| 942 | _cBK | ||
| 999 |
_c952 _d952 |
||